Österreich-Quiz - Sudden Death - Statistiken

Allgemein
  • Dieses Quiz wurde 246 mal gespielt
    245 seit der letzten Aktualisierung
  • Das Durchschnittsergebnis liegt bei 5 aus 10
Answers on the Grid
Answers color-coded by a green-red scale on the quiz's grid according to % correct below.
Dies ist die Flagge Österreichs: 🇦🇹
Österreich hat weniger als 10 Millionen Einwohner
Österreich ist Teil der Europäischen Union
Ludwig van Beethoven war ein österreichischer Komponist
Österreich grenzt an ein Land mit dieser Flagge: 🇷🇸
In Österreich zahlt man nicht mit dem Euro
Österreich hat 9 offizielle Bundesländer
Österreich hat erst 2 ESC-Siege errungen
In Österreich leben mehr Frauen als Männer
Die Hauptstadt von Österreich ist Salzburg
Flächenmäßig ist Österreich kleiner als die Schweiz
Die offizielle Amtssprache ist Österreichisch
Die Donau fließt durch Österreich
Seit 2025 gibt es in Österreich Pfand
Eines der Bundesländer ist gleichnamig der Hauptstadt
Österreich hat eine Grenze zu einem offenen Meer
Österreich hat mehr Nachbarländer als Deutschland
Österreich hat keinen Anteil, der in den Alpen liegt
Österreich hat mehr Einwohner als alle baltischen Staaten gemeinsam
Das KFZ-Kennzeichen von Österreich hat als Abkürzung ein "Ö"
 
Antwortstatistiken
Antwort % Korrekt
Die Donau fließt durch Österreich
71%
Dies ist die Flagge Österreichs: 🇦🇹
68%
Österreich ist Teil der Europäischen Union
68%
Eines der Bundesländer ist gleichnamig der Hauptstadt
67%
Österreich hat 9 offizielle Bundesländer
61%
Österreich hat weniger als 10 Millionen Einwohner
55%
Seit 2025 gibt es in Österreich Pfand
48%
In Österreich leben mehr Frauen als Männer
43%
Österreich hat erst 2 ESC-Siege errungen
37%
Österreich hat mehr Einwohner als alle baltischen Staaten gemeinsam
29%
Keine übereinstimmenden Quizze gefunden
Verteilung der Resultate
Anzahl Personen mit jedem Resultat
Perzentil nach korrekt beantworteten Fragen
Ihre Resultats-Entwicklung
Sie haben dieses Quiz seit der letzten Aktualisierung nicht gespielt